|
|
|
|
| LEADER |
01119nta a2200229 i 4500 |
| 001 |
dokt4142 |
| 005 |
20200602112047.0 |
| 008 |
171102s2017 hu om 0|| eng d |
| 024 |
7 |
|
|a 10.14232/phd.4142
|2 doi
|
| 024 |
7 |
|
|a 3347094
|2 mtmt
|
| 040 |
|
|
|a SZTE Doktori Repozitórium
|b hun
|
| 041 |
|
|
|a eng
|
| 100 |
1 |
|
|a Kata Diána
|
| 245 |
1 |
0 |
|a Morphological, functional and immunomodulatory effects of rosuvastatin and aspirin in cultured microglial cells
|h [elektronikus dokumentum] /
|c Kata Diána
|
| 246 |
1 |
0 |
|a A rosuvastatin és az aszpirin morfológiai, funkcionális és immunszabályozó szerepe mikroglia tenyészetekben
|h [elektronikus dokumentum]
|
| 260 |
|
|
|c 2017-11-20
|
| 502 |
|
|
|a Disszertacio
|
| 650 |
|
4 |
|a elméleti orvostudományok
|
| 700 |
1 |
|
|a Gulya Károly
|e ths
|
| 856 |
4 |
0 |
|u https://doktori.bibl.u-szeged.hu/id/eprint/4142/1/KataDi%C3%A1na_PhD_Thesis.pdf
|z Dokumentum-elérés
|
| 856 |
4 |
0 |
|u https://doktori.bibl.u-szeged.hu/id/eprint/4142/2/T%C3%A9zisf%C3%BCzet_en_KataD.pdf
|z Dokumentum-elérés
|
| 856 |
4 |
0 |
|u https://doktori.bibl.u-szeged.hu/id/eprint/4142/3/T%C3%A9zisf%C3%BCzet_hu_KataD.pdf
|z Dokumentum-elérés
|